|
LDR
| 04140nam a2201117 a 4500 |
|---|
| 001 | 16849 |
|---|
| 003 | CZ-PrJAB |
|---|
| 005 | 20121204154340.0 |
|---|
| 007 | ta |
|---|
| 008 | 120110s2012 xr f 001 0 cze |
|---|
| 015 | | . |
‡acnb002258036 |
|---|
| 020 | | . |
‡a978-80-262-0076-5 (váz.) |
|---|
| 035 | | . |
‡a(CONS)16849 |
|---|
| 035 | | . |
‡a(CZ PrSKC)nkc20112258036 |
|---|
| 035 | | . |
‡a(OCoLC)791309441 |
|---|
| 040 | | . |
‡aABA001
‡bcze |
|---|
| 041 | 1 | . |
‡acze
‡heng |
|---|
| 072 | | 7. |
‡a159.92
‡xVývojová psychologie. Individuální psychologie
‡2Konspekt
‡917 |
|---|
| 080 | | . |
‡a159.923.2:159.942
‡2MRF |
|---|
| 080 | | . |
‡a173.5/.7
‡2MRF |
|---|
| 080 | | . |
‡a159.923.2
‡2MRF |
|---|
| 080 | | . |
‡a159.922/.923
‡2MRF |
|---|
| 080 | | . |
‡a159.942
‡2MRF |
|---|
| 080 | | . |
‡a159.942.5
‡2MRF |
|---|
| 080 | | . |
‡a616.89
‡2MRF |
|---|
| 080 | | . |
‡a(048.8)
‡2MRF |
|---|
| 100 | 1 | . |
‡aBowlby, John,
‡d1907-1990
‡7jn20010601072
‡4aut |
|---|
| 245 | 1 | 0. |
‡aOdloučení :
‡bkritické období raného vztahu mezi matkou a dítětem /
‡cJohn Bowlby ; [z anglického originálu ... přeložil Ivo Müller] |
|---|
| 250 | | . |
‡aVyd. 1. |
|---|
| 260 | | . |
‡aPraha :
‡bPortál,
‡c2012 |
|---|
| 300 | | . |
‡a399 s. ;
‡c24 cm |
|---|
| 504 | | . |
‡aObsahuje bibliografii, bibliografické odkazy a rejstříky |
|---|
| 520 | 9 | . |
‡aText řeší problémem separační úzkosti – obavami z bezprostředního či anticipovaného odloučení, z obav vycházejících z hrozeb rodičů odloučením, či ohrožením vazby s rodiči. |
|---|
| 650 | 0 | 7. |
‡ateorie attachmentu
‡7ph536906
‡2czenas |
|---|
| 650 | 0 | 7. |
‡amatky a děti
‡7ph380396
‡2czenas |
|---|
| 650 | 0 | 7. |
‡avývoj osobnosti
‡7ph200851
‡2czenas |
|---|
| 650 | 0 | 7. |
‡adeprivace (psychologie)
‡7ph124781
‡2czenas |
|---|
| 650 | 0 | 7. |
‡aúzkost
‡7ph128368
‡2czenas |
|---|
| 650 | 0 | 7. |
‡ahněv
‡7ph232950
‡2czenas |
|---|
| 650 | 0 | 7. |
‡apsychopatologie
‡7ph124819
‡2czenas |
|---|
| 650 | 0 | 9. |
‡aattachment theory
‡2eczenas |
|---|
| 650 | 0 | 9. |
‡amothers and children
‡2eczenas |
|---|
| 650 | 0 | 9. |
‡apersonality development
‡2eczenas |
|---|
| 650 | 0 | 9. |
‡adeprivation (psychology)
‡2eczenas |
|---|
| 650 | 0 | 9. |
‡aanxiety
‡2eczenas |
|---|
| 650 | 0 | 9. |
‡aanger
‡2eczenas |
|---|
| 650 | 0 | 9. |
‡apsychopathology
‡2eczenas |
|---|
| 655 | | 7. |
‡amonografie
‡7fd132842
‡2czenas |
|---|
| 655 | | 9. |
‡amonographs
‡2eczenas |
|---|
| 765 | 0 | . |
‡tAttachment and loss. Separation, anger and anxiety
‡9Česky |
|---|
| 765 | 1 | . |
‡tSeparation, anger and anxiety
‡9Česky |
|---|
| 910 | | . |
‡aABG312 |
|---|
| 901 | | . |
‡a16849
‡b
‡c16849
‡tbiblio |
|---|